000 01151 a2200277 4500
003 OSt
005 20180116192354.0
008 120612t xxu||||| |||| 00| 0 eng d
010 _a 2003058438
020 _a0521772575
020 _a9780521179058
040 _c0
082 0 0 _a720.9496180902
100 1 _aFreely, John.
_94496
245 1 0 _aByzantine monuments of Istanbul /
_cJohn Freely, Ahmet S. Çakmak.
260 _aCambridge ;
_aNew York :
_bCambridge University Press,
_c2004.
300 _axvii, 322 p. :
_bill. (some col.), maps ;
_c29 cm.
650 1 0 _aArchitecture, Byzantine
_zTurkey
_zIstanbul.
_94497
651 1 0 _aIstanbul (Turkey)
_xBuildings, structures, etc.
_94498
700 1 _aCakmak, A. S.
_94499
856 4 2 _3Publisher description
_uhttp://www.loc.gov/catdir/description/cam032/2003058438.html
856 4 2 _3Table of contents
_uhttp://www.loc.gov/catdir/toc/cam032/2003058438.html
856 4 2 _3Contributor biographical information
_uhttp://www.loc.gov/catdir/enhancements/fy1001/2003058438-b.html
942 _aSADA
_cBK
_k720.9496180902 FRE 2004
_2ddc
999 _c353065
_d353065